[Event "DEM U12 2022"]
[Site "Willingen GER"]
[Date "2022.06.06"]
[Round "3"]
[White "Stichter, Constantin Paul"]
[Black "Kulkovets, Roman"]
[Result "1/2-1/2"]
[Termination "normal"]
[Board "4"]
[WhiteElo "1472"]
[BlackElo "1099"]
[WhiteClock "00:32:51"]
[BlackClock "01:27:17"]
[PlyCount "68"]
[WhiteFideId "34603140"]
[BlackFideId "34119272"]
[EventCountry "GER"]
[EventRounds "9"]
[EventType "swiss"]
[EventDate "2022.06.04"]

1. e4 {[%clk 01:30:58]} {[%emt 00:00:01]} c6 {[%clk 01:30:56]} {[%emt
00:00:04]} 2. d4 {[%clk 01:31:15]} {[%emt 00:00:13]} d5 {[%clk 01:31:22]}
{[%emt 00:00:04]} 3. exd5 {[%clk 01:31:38]} {[%emt 00:00:07]} cxd5 {[%clk
01:31:48]} {[%emt 00:00:04]} 4. c3 {[%clk 01:32:00]} {[%emt 00:00:08]} Bf5
{[%clk 01:32:12]} {[%emt 00:00:06]} 5. Bd3 {[%clk 01:32:02]} {[%emt 00:00:28]}
Bxd3 {[%clk 01:32:37]} {[%emt 00:00:06]} 6. Qxd3 {[%clk 01:32:30]} {[%emt
00:00:02]} Nf6 {[%clk 01:33:00]} {[%emt 00:00:07]} 7. Bf4 {[%clk 01:32:26]}
{[%emt 00:00:34]} Nc6 {[%clk 01:33:23]} {[%emt 00:00:07]} 8. Nf3 {[%clk
01:32:06]} {[%emt 00:00:50]} e6 {[%clk 01:33:47]} {[%emt 00:00:06]} 9. Nbd2
{[%clk 01:30:17]} {[%emt 00:02:18]} Be7 {[%clk 01:33:38]} {[%emt 00:00:39]} 10.
O-O {[%clk 01:30:37]} {[%emt 00:00:10]} a6 {[%clk 01:33:49]} {[%emt 00:00:20]}
11. a4 {[%clk 01:29:46]} {[%emt 00:01:20]} O-O {[%clk 01:34:08]} {[%emt
00:00:10]} 12. Rfe1 {[%clk 01:29:04]} {[%emt 00:01:12]} Rc8 {[%clk 01:34:28]}
{[%emt 00:00:11]} 13. Ne5 {[%clk 01:28:17]} {[%emt 00:01:16]} Nxe5 {[%clk
01:34:13]} {[%emt 00:00:46]} 14. Bxe5 {[%clk 01:28:45]} {[%emt 00:00:01]} Nd7
{[%clk 01:34:36]} {[%emt 00:00:07]} 15. Re3 {[%clk 01:24:05]} {[%emt 00:05:10]}
Bf6 {[%clk 01:32:49]} {[%emt 00:02:17]} 16. f4 {[%clk 01:23:50]} {[%emt
00:00:45]} Qb6 {[%clk 01:32:47]} {[%emt 00:00:33]} 17. Rh3 {[%clk 01:18:04]}
{[%emt 00:06:16]} g6 {[%clk 01:33:09]} {[%emt 00:00:09]} 18. Qe3 {[%clk
01:14:31]} {[%emt 00:04:03]} Rfe8 {[%clk 01:32:36]} {[%emt 00:01:03]} 19. a5
{[%clk 01:12:54]} {[%emt 00:02:06]} Qxb2 {[%clk 01:30:54]} {[%emt 00:02:12]}
20. Rb1 {[%clk 01:12:46]} {[%emt 00:00:38]} Qa2 {[%clk 01:31:05]} {[%emt
00:00:20]} 21. Rxb7 {[%clk 01:13:05]} {[%emt 00:00:10]} Nxe5 {[%clk 01:31:29]}
{[%emt 00:00:06]} 22. fxe5 {[%clk 01:13:25]} {[%emt 00:00:10]} Bg7 {[%clk
01:31:56]} {[%emt 00:00:03]} 23. Rf3 {[%clk 01:13:03]} {[%emt 00:00:51]} Rf8
{[%clk 01:31:15]} {[%emt 00:01:12]} 24. Qf2 {[%clk 01:13:21]} {[%emt 00:00:10]}
Qxa5 {[%clk 01:30:58]} {[%emt 00:00:49]} 25. Rfxf7 {[%clk 01:13:37]} {[%emt
00:00:14]} Kh8 {[%clk 01:31:23]} {[%emt 00:00:05]} 26. Nb1 {[%clk 00:50:00]}
{[%emt 00:24:07]} Rb8 {[%clk 01:26:25]} {[%emt 00:05:29]} 27. h3 {[%clk
00:46:08]} {[%emt 00:04:21]} Qd8 {[%clk 01:26:41]} {[%emt 00:00:13]} 28. Rxf8+
{[%clk 00:42:40]} {[%emt 00:03:58]} Bxf8 {[%clk 01:26:43]} {[%emt 00:00:28]}
29. Qf7 {[%clk 00:37:48]} {[%emt 00:05:21]} Rxb7 {[%clk 01:27:07]} {[%emt
00:00:07]} 30. Qxb7 {[%clk 00:38:16]} {[%emt 00:00:02]} a5 {[%clk 01:27:30]}
{[%emt 00:00:07]} 31. Qc6 {[%clk 00:38:40]} {[%emt 00:00:06]} Qg5 {[%clk
01:27:48]} {[%emt 00:00:12]} 32. Qxe6 {[%clk 00:38:00]} {[%emt 00:01:10]} h5
{[%clk 01:28:06]} {[%emt 00:00:12]} 33. Qf7 {[%clk 00:34:06]} {[%emt 00:04:22]}
Bh6 {[%clk 01:27:03]} {[%emt 00:01:34]} 34. Qe8+ {[%clk 00:32:51]} {[%emt
00:01:45]} Kh7 {[%clk 01:27:17]} {[%emt 00:00:17]} 1/2-1/2

[Event "DEM U12 2022"]
[Site "Willingen GER"]
[Date "2022.06.06"]
[Round "3"]
[White "Zhuikov, Edgard"]
[Black "Aweh, Mads"]
[Result "1-0"]
[Termination "normal"]
[Board "8"]
[WhiteElo "1892"]
[BlackElo "1438"]
[WhiteClock "01:28:49"]
[BlackClock "01:12:16"]
[PlyCount "93"]
[WhiteFideId "34162941"]
[BlackFideId "34604278"]
[EventCountry "GER"]
[EventRounds "9"]
[EventType "swiss"]
[EventDate "2022.06.04"]

1. e4 {[%clk 01:30:59]} c5 {[%clk 01:30:16]} {[%emt 00:00:44]} 2. d4 {[%clk
01:31:24]} {[%emt 00:00:06]} cxd4 {[%clk 01:29:43]} {[%emt 00:01:03]} 3. c3
{[%clk 01:31:49]} {[%emt 00:00:05]} Nf6 {[%clk 01:29:32]} {[%emt 00:00:40]} 4.
e5 {[%clk 01:32:14]} {[%emt 00:00:05]} Nd5 {[%clk 01:29:24]} {[%emt 00:00:39]}
5. Nf3 {[%clk 01:32:27]} {[%emt 00:00:17]} Nc6 {[%clk 01:29:17]} {[%emt
00:00:36]} 6. cxd4 {[%clk 01:32:37]} {[%emt 00:00:20]} d6 {[%clk 01:28:48]}
{[%emt 00:00:59]} 7. Bc4 {[%clk 01:33:01]} {[%emt 00:00:07]} Nb6 {[%clk
01:28:23]} {[%emt 00:00:55]} 8. Bb3 {[%clk 01:33:25]} {[%emt 00:00:05]} dxe5
{[%clk 01:26:36]} {[%emt 00:02:17]} 9. d5 {[%clk 01:33:43]} {[%emt 00:00:13]}
Na5 {[%clk 01:26:07]} {[%emt 00:00:59]} 10. Nc3 {[%clk 01:34:03]} {[%emt
00:00:09]} Nxb3 {[%clk 01:25:44]} {[%emt 00:00:53]} 11. Qxb3 {[%clk 01:34:27]}
{[%emt 00:00:06]} g6 {[%clk 01:24:58]} {[%emt 00:01:16]} 12. Nxe5 {[%clk
01:34:39]} {[%emt 00:00:18]} Bg7 {[%clk 01:24:55]} {[%emt 00:00:33]} 13. Qb5+
{[%clk 01:34:54]} {[%emt 00:00:16]} Bd7 {[%clk 01:24:00]} {[%emt 00:01:24]} 14.
Nxd7 {[%clk 01:35:15]} {[%emt 00:00:09]} Qxd7 {[%clk 01:22:45]} {[%emt
00:01:45]} 15. O-O {[%clk 01:30:30]} {[%emt 00:05:15]} Qxb5 {[%clk 01:22:18]}
{[%emt 00:00:57]} 16. Nxb5 {[%clk 01:30:53]} {[%emt 00:00:08]} O-O {[%clk
01:22:32]} {[%emt 00:00:16]} 17. d6 {[%clk 01:29:01]} {[%emt 00:02:23]} e6
{[%clk 01:19:49]} {[%emt 00:03:12]} 18. Rd1 {[%clk 01:27:36]} {[%emt 00:01:55]}
Nd5 {[%clk 01:18:49]} {[%emt 00:01:29]} 19. Nc7 {[%clk 01:27:07]} {[%emt
00:00:59]} Nxc7 {[%clk 01:18:12]} {[%emt 00:01:07]} 20. dxc7 {[%clk 01:27:29]}
{[%emt 00:00:08]} Rac8 {[%clk 01:18:32]} {[%emt 00:00:11]} 21. Rd7 {[%clk
01:27:01]} {[%emt 00:00:59]} Be5 {[%clk 01:18:19]} {[%emt 00:00:43]} 22. Be3
{[%clk 01:26:23]} {[%emt 00:01:07]} Rxc7 {[%clk 01:17:22]} {[%emt 00:01:27]}
23. Rxc7 {[%clk 01:26:45]} {[%emt 00:00:09]} Bxc7 {[%clk 01:17:48]} {[%emt
00:00:04]} 24. Bxa7 {[%clk 01:26:45]} {[%emt 00:00:30]} Be5 {[%clk 01:17:25]}
{[%emt 00:00:53]} 25. Be3 {[%clk 01:25:24]} {[%emt 00:01:50]} Rd8 {[%clk
01:16:13]} {[%emt 00:01:42]} 26. g3 {[%clk 01:25:20]} {[%emt 00:00:34]} Bxb2
{[%clk 01:15:37]} {[%emt 00:01:05]} 27. Rb1 {[%clk 01:25:41]} {[%emt 00:00:09]}
Bd4 {[%clk 01:15:34]} {[%emt 00:00:33]} 28. Bxd4 {[%clk 01:25:26]} {[%emt
00:00:45]} Rxd4 {[%clk 01:15:57]} {[%emt 00:00:08]} 29. Rxb7 {[%clk 01:25:54]}
{[%emt 00:00:02]} Rd1+ {[%clk 01:16:10]} {[%emt 00:00:16]} 30. Kg2 {[%clk
01:26:12]} {[%emt 00:00:12]} Ra1 {[%clk 01:16:39]} {[%emt 00:00:02]} 31. Rb2
{[%clk 01:26:07]} {[%emt 00:00:34]} Kg7 {[%clk 01:16:14]} {[%emt 00:00:55]} 32.
h4 {[%clk 01:26:18]} {[%emt 00:00:19]} h5 {[%clk 01:14:20]} {[%emt 00:02:23]}
33. Kf3 {[%clk 01:26:35]} {[%emt 00:00:14]} Kf6 {[%clk 01:13:53]} {[%emt
00:00:58]} 34. Ke4 {[%clk 01:26:39]} {[%emt 00:00:25]} Re1+ {[%clk 01:13:32]}
{[%emt 00:00:51]} 35. Kd4 {[%clk 01:26:34]} {[%emt 00:00:35]} e5+ {[%clk
01:11:51]} {[%emt 00:02:11]} 36. Kc5 {[%clk 01:26:49]} {[%emt 00:00:16]} Ra1
{[%clk 01:11:36]} {[%emt 00:00:44]} 37. Kb5 {[%clk 01:27:08]} {[%emt 00:00:11]}
Kf5 {[%clk 01:11:54]} {[%emt 00:00:12]} 38. a4 {[%clk 01:27:32]} {[%emt
00:00:07]} Kg4 {[%clk 01:11:45]} {[%emt 00:00:39]} 39. a5 {[%clk 01:27:21]}
{[%emt 00:00:41]} Kf3 {[%clk 01:11:43]} {[%emt 00:00:32]} 40. a6 {[%clk
01:27:38]} {[%emt 00:00:13]} e4 {[%emt 00:00:51]} 41. Kb6 {[%clk 01:27:48]} e3
{[%clk 01:11:45]} {[%emt 00:00:25]} 42. fxe3 {[%clk 01:28:14]} {[%emt
00:00:05]} Kxe3 {[%clk 01:12:10]} {[%emt 00:00:05]} 43. Rb3+ {[%clk 01:28:21]}
{[%emt 00:00:23]} Kd4 {[%clk 01:12:10]} {[%emt 00:00:30]} 44. a7 {[%clk
01:28:39]} {[%emt 00:00:12]} Kc4 {[%clk 01:11:42]} {[%emt 00:00:57]} 45. Rb2
{[%clk 01:28:33]} {[%emt 00:00:36]} Kc3 {[%clk 01:12:04]} {[%emt 00:00:08]} 46.
Rb5 {[%clk 01:28:49]} {[%emt 00:00:14]} Kc4 {[%clk 01:12:16]} {[%emt 00:00:18]}
47. Ra5 {[%emt 00:01:46]} 1-0

[Event "DEM U12 2022"]
[Site "Willingen GER"]
[Date "2022.06.06"]
[Round "3"]
[White "Neuhoff, Laertes"]
[Black "Nguyen, Bach Khoi"]
[Result "1-0"]
[Termination "normal"]
[Board "10"]
[WhiteElo "1990"]
[BlackElo "1261"]
[WhiteClock "00:04:15"]
[BlackClock "00:16:23"]
[PlyCount "79"]
[WhiteFideId "16279719"]
[BlackFideId "34600256"]
[EventCountry "GER"]
[EventRounds "9"]
[EventType "swiss"]
[EventDate "2022.06.04"]

1. e4 {[%clk 01:30:57]} {[%emt 00:00:02]} e5 {[%clk 01:30:53]} {[%emt
00:00:07]} 2. Nf3 {[%clk 01:31:15]} {[%emt 00:00:13]} Nc6 {[%clk 01:31:07]}
{[%emt 00:00:16]} 3. Bb5 {[%clk 01:31:16]} {[%emt 00:00:29]} a6 {[%clk
01:31:20]} {[%emt 00:00:17]} 4. Ba4 {[%clk 01:31:26]} {[%emt 00:00:20]} Nf6
{[%clk 01:31:38]} {[%emt 00:00:11]} 5. d3 {[%clk 01:31:42]} {[%emt 00:00:15]}
b5 {[%clk 01:31:56]} {[%emt 00:00:11]} 6. Bb3 {[%clk 01:31:42]} {[%emt
00:00:31]} Be7 {[%clk 01:32:02]} {[%emt 00:00:23]} 7. O-O {[%clk 01:25:06]}
{[%emt 00:07:07]} d6 {[%clk 01:30:16]} {[%emt 00:02:15]} 8. h3 {[%clk
01:24:30]} {[%emt 00:01:07]} O-O {[%clk 01:29:46]} {[%emt 00:01:00]} 9. Nc3
{[%clk 01:21:36]} {[%emt 00:03:25]} Na5 {[%clk 01:27:38]} {[%emt 00:02:36]} 10.
Nd5 {[%clk 01:18:40]} {[%emt 00:03:28]} Nxd5 {[%clk 01:24:36]} {[%emt
00:03:30]} 11. Bxd5 {[%clk 01:13:59]} {[%emt 00:05:12]} c6 {[%clk 01:24:22]}
{[%emt 00:00:44]} 12. Bb3 {[%clk 01:12:54]} {[%emt 00:01:36]} Nxb3 {[%clk
01:24:01]} {[%emt 00:00:51]} 13. axb3 {[%clk 01:13:11]} {[%emt 00:00:13]} f5
{[%clk 01:19:47]} {[%emt 00:04:43]} 14. Re1 {[%clk 01:06:05]} {[%emt 00:07:37]}
Be6 {[%clk 01:13:39]} {[%emt 00:06:38]} 15. exf5 {[%clk 00:54:14]} {[%emt
00:12:22]} Bxf5 {[%clk 01:12:51]} {[%emt 00:01:18]} 16. d4 {[%clk 00:52:57]}
{[%emt 00:01:47]} e4 {[%clk 01:08:41]} {[%emt 00:04:40]} 17. Nd2 {[%clk
00:49:57]} {[%emt 00:03:30]} d5 {[%clk 01:05:54]} {[%emt 00:03:16]} 18. Nf1
{[%clk 00:46:45]} {[%emt 00:03:43]} Bh4 {[%clk 01:03:25]} {[%emt 00:02:59]} 19.
Be3 {[%clk 00:40:19]} {[%emt 00:06:57]} Qf6 {[%clk 00:58:59]} {[%emt 00:04:52]}
20. Qd2 {[%clk 00:36:33]} {[%emt 00:04:18]} Qg6 {[%clk 00:54:41]} {[%emt
00:04:48]} 21. Kh2 {[%clk 00:34:32]} {[%emt 00:02:32]} Ra7 {[%clk 00:51:04]}
{[%emt 00:04:07]} 22. Ng3 {[%clk 00:30:13]} {[%emt 00:04:49]} Bc8 {[%clk
00:44:06]} {[%emt 00:07:28]} 23. Rac1 {[%clk 00:27:14]} {[%emt 00:03:29]} Be6
{[%clk 00:42:34]} {[%emt 00:02:01]} 24. Qe2 {[%clk 00:19:11]} {[%emt 00:08:34]}
Raf7 {[%clk 00:38:25]} {[%emt 00:04:38]} 25. Ra1 {[%clk 00:18:36]} {[%emt
00:01:06]} Bxg3+ {[%clk 00:37:11]} {[%emt 00:01:43]} 26. fxg3 {[%clk 00:18:52]}
{[%emt 00:00:14]} Ra8 {[%clk 00:36:51]} {[%emt 00:00:49]} 27. Ra5 {[%clk
00:18:40]} {[%emt 00:00:44]} Bc8 {[%clk 00:31:23]} {[%emt 00:05:57]} 28. c4
{[%clk 00:16:42]} {[%emt 00:02:28]} Rc7 {[%clk 00:30:12]} {[%emt 00:01:40]} 29.
Rc1 {[%clk 00:16:29]} {[%emt 00:00:44]} Rb7 {[%clk 00:25:58]} {[%emt 00:04:44]}
30. cxd5 {[%clk 00:14:32]} {[%emt 00:02:28]} cxd5 {[%clk 00:26:15]} {[%emt
00:00:13]} 31. Rc5 {[%clk 00:13:15]} {[%emt 00:01:46]} Qb6 {[%clk 00:24:57]}
{[%emt 00:01:48]} 32. b4 {[%clk 00:13:12]} {[%emt 00:00:33]} Qe6 {[%clk
00:24:20]} {[%emt 00:01:06]} 33. Qh5 {[%clk 00:11:05]} {[%emt 00:02:38]} g6
{[%clk 00:22:12]} {[%emt 00:02:38]} 34. Qxd5 {[%clk 00:10:11]} {[%emt
00:01:24]} Qxd5 {[%clk 00:22:36]} {[%emt 00:00:06]} 35. Rxd5 {[%clk 00:10:34]}
{[%emt 00:00:07]} Rc7 {[%clk 00:22:17]} {[%emt 00:00:48]} 36. Rdxb5 {[%clk
00:09:04]} {[%emt 00:02:02]} Rc2 {[%clk 00:22:31]} {[%emt 00:00:15]} 37. Re5
{[%clk 00:04:55]} {[%emt 00:04:40]} Rxb2 {[%clk 00:22:46]} {[%emt 00:00:15]}
38. Rac5 {[%clk 00:04:25]} {[%emt 00:01:00]} Re2 {[%clk 00:20:06]} {[%emt
00:03:08]} 39. Bh6 {[%clk 00:04:04]} {[%emt 00:00:51]} Kf7 {[%clk 00:16:23]}
{[%emt 00:04:13]} 40. Rc7+ {[%clk 00:04:15]} {[%emt 00:00:20]} 1-0

[Event "DEM U12 2022"]
[Site "Willingen GER"]
[Date "2022.06.06"]
[Round "3"]
[White "Mündörfer, Sebastian"]
[Black "Wylie, Leonard"]
[Result "1/2-1/2"]
[Termination "normal"]
[Board "20"]
[WhiteElo "1254"]
[BlackElo "1733"]
[WhiteClock "00:41:02"]
[BlackClock "01:09:29"]
[PlyCount "79"]
[WhiteFideId "34604367"]
[BlackFideId "479616"]
[EventCountry "GER"]
[EventRounds "9"]
[EventType "swiss"]
[EventDate "2022.06.04"]

1. d4 {[%clk 01:30:58]} {[%emt 00:00:02]} Nf6 {[%clk 01:30:55]} {[%emt
00:00:05]} 2. c4 {[%clk 01:31:22]} {[%emt 00:00:07]} g6 {[%clk 01:31:20]}
{[%emt 00:00:04]} 3. Nc3 {[%clk 01:31:48]} {[%emt 00:00:04]} d5 {[%clk
01:31:46]} {[%emt 00:00:03]} 4. cxd5 {[%clk 01:32:13]} {[%emt 00:00:05]} Nxd5
{[%clk 01:32:12]} {[%emt 00:00:05]} 5. e4 {[%clk 01:32:36]} {[%emt 00:00:07]}
Nxc3 {[%clk 01:32:37]} {[%emt 00:00:04]} 6. bxc3 {[%clk 01:32:56]} {[%emt
00:00:10]} Bg7 {[%clk 01:33:03]} {[%emt 00:00:04]} 7. Nf3 {[%clk 01:33:09]}
{[%emt 00:00:18]} c5 {[%clk 01:33:20]} {[%emt 00:00:13]} 8. Be2 {[%clk
01:32:57]} {[%emt 00:00:42]} Nc6 {[%clk 01:33:37]} {[%emt 00:00:13]} 9. Be3
{[%clk 01:30:50]} {[%emt 00:02:37]} Bg4 {[%clk 01:33:50]} {[%emt 00:00:16]} 10.
Qb3 {[%clk 01:15:29]} {[%emt 00:15:51]} Bxf3 {[%clk 01:31:50]} {[%emt
00:02:30]} 11. Bxf3 {[%clk 01:15:19]} {[%emt 00:00:41]} cxd4 {[%clk 01:31:50]}
{[%emt 00:00:30]} 12. cxd4 {[%clk 01:15:35]} {[%emt 00:00:14]} Rb8 {[%clk
01:26:38]} {[%emt 00:05:41]} 13. Rd1 {[%clk 01:14:55]} {[%emt 00:01:10]} O-O
{[%clk 01:24:24]} {[%emt 00:02:44]} 14. O-O {[%clk 01:15:06]} {[%emt 00:00:19]}
Nxd4 {[%clk 01:18:42]} {[%emt 00:06:11]} 15. Bxd4 {[%clk 01:12:05]} {[%emt
00:03:31]} Bxd4 {[%clk 01:17:30]} {[%emt 00:01:42]} 16. e5 {[%clk 01:10:21]}
{[%emt 00:02:14]} Qb6 {[%clk 01:17:23]} {[%emt 00:00:36]} 17. Qxb6 {[%clk
01:09:42]} {[%emt 00:01:10]} Bxb6 {[%clk 01:17:45]} {[%emt 00:00:07]} 18. Rd7
{[%clk 01:09:57]} {[%emt 00:00:16]} Bc5 {[%clk 01:16:20]} {[%emt 00:01:51]} 19.
Bxb7 {[%clk 01:06:54]} {[%emt 00:03:37]} Rfd8 {[%emt 00:02:18]} 20. Rfd1 {[%clk
01:05:55]} Rxd7 {[%clk 01:16:08]} {[%emt 00:00:23]} 21. Rxd7 {[%clk 01:06:18]}
{[%emt 00:00:07]} Kf8 {[%clk 01:16:29]} {[%emt 00:00:08]} 22. g3 {[%clk
01:01:23]} {[%emt 00:05:26]} Ke8 {[%clk 01:14:45]} {[%emt 00:02:14]} 23. Rc7
{[%clk 00:56:02]} {[%emt 00:05:51]} Bxf2+ {[%clk 01:14:13]} {[%emt 00:01:01]}
24. Kxf2 {[%clk 00:55:52]} {[%emt 00:00:41]} Kd8 {[%clk 01:14:34]} {[%emt
00:00:08]} 25. Rc8+ {[%clk 00:45:56]} {[%emt 00:10:26]} Rxc8 {[%clk 01:13:55]}
{[%emt 00:01:09]} 26. Bxc8 {[%clk 00:46:19]} {[%emt 00:00:07]} Kxc8 {[%clk
01:14:21]} {[%emt 00:00:05]} 27. Ke3 {[%clk 00:46:43]} {[%emt 00:00:06]} Kd7
{[%clk 01:14:34]} {[%emt 00:00:16]} 28. Kd4 {[%clk 00:45:05]} {[%emt 00:02:09]}
Ke6 {[%clk 01:13:49]} {[%emt 00:01:14]} 29. a4 {[%clk 00:45:19]} {[%emt
00:00:17]} f6 {[%clk 01:13:59]} {[%emt 00:00:19]} 30. exf6 {[%clk 00:45:27]}
{[%emt 00:00:23]} exf6 {[%clk 01:14:21]} {[%emt 00:00:08]} 31. Kc5 {[%clk
00:45:37]} {[%emt 00:00:20]} Kd7 {[%clk 01:14:43]} {[%emt 00:00:06]} 32. h4
{[%clk 00:44:27]} {[%emt 00:01:42]} h5 {[%clk 01:14:26]} {[%emt 00:00:47]} 33.
Kd5 {[%clk 00:43:01]} {[%emt 00:01:56]} g5 {[%clk 01:14:44]} {[%emt 00:00:11]}
34. a5 {[%clk 00:42:51]} {[%emt 00:00:41]} a6 {[%clk 01:14:54]} {[%emt
00:00:20]} 35. Kc5 {[%clk 00:41:47]} {[%emt 00:01:33]} gxh4 {[%clk 01:12:58]}
{[%emt 00:02:26]} 36. gxh4 {[%clk 00:42:09]} {[%emt 00:00:08]} Ke6 {[%clk
01:11:10]} {[%emt 00:02:19]} 37. Kb6 {[%clk 00:40:49]} {[%emt 00:01:50]} Kd6
{[%clk 01:10:42]} {[%emt 00:00:58]} 38. Kxa6 {[%clk 00:40:15]} {[%emt
00:01:05]} Kc6 {[%clk 01:11:04]} {[%emt 00:00:07]} 39. Ka7 {[%clk 00:40:39]}
{[%emt 00:00:06]} f5 {[%clk 01:09:29]} {[%emt 00:02:05]} 40. a6 {[%clk
00:41:02]} {[%emt 00:00:07]} 1/2-1/2

[Event "DEM U12 2022"]
[Site "Willingen GER"]
[Date "2022.06.06"]
[Round "3"]
[White "Gavrylyuk, Oleksandr"]
[Black "Dodul, Arthur"]
[Result "0-1"]
[Termination "normal"]
[Board "27"]
[WhiteElo "1272"]
[BlackElo "1443"]
[WhiteClock "00:23:16"]
[BlackClock "00:52:22"]
[PlyCount "70"]
[WhiteFideId "34609083"]
[BlackFideId "34609016"]
[EventCountry "GER"]
[EventRounds "9"]
[EventType "swiss"]
[EventDate "2022.06.04"]

1. e4 {[%clk 01:30:58]} {[%emt 00:00:01]} e5 {[%clk 01:30:48]} {[%emt
00:00:13]} 2. Nf3 {[%clk 01:31:22]} {[%emt 00:00:06]} Nc6 {[%clk 01:31:05]}
{[%emt 00:00:13]} 3. Bb5 {[%clk 01:31:39]} {[%emt 00:00:13]} f5 {[%clk
01:31:12]} {[%emt 00:00:23]} 4. d3 {[%clk 01:31:38]} {[%emt 00:00:31]} fxe4
{[%clk 01:30:49]} {[%emt 00:00:54]} 5. dxe4 {[%clk 01:29:16]} {[%emt 00:02:51]}
d6 {[%clk 01:30:26]} {[%emt 00:00:53]} 6. Nc3 {[%clk 01:28:54]} {[%emt
00:00:52]} Nf6 {[%clk 01:29:40]} {[%emt 00:01:17]} 7. Bc4 {[%clk 01:28:26]}
{[%emt 00:00:57]} h6 {[%clk 01:28:19]} {[%emt 00:01:52]} 8. h3 {[%clk
01:26:51]} {[%emt 00:02:03]} Na5 {[%clk 01:26:20]} {[%emt 00:02:29]} 9. Bb3
{[%clk 01:24:16]} {[%emt 00:03:07]} Nxb3 {[%clk 01:26:15]} {[%emt 00:00:35]}
10. axb3 {[%clk 01:24:35]} {[%emt 00:00:10]} Be7 {[%clk 01:25:39]} {[%emt
00:01:07]} 11. Be3 {[%clk 01:24:01]} {[%emt 00:01:02]} a6 {[%clk 01:23:33]}
{[%emt 00:02:39]} 12. O-O {[%clk 01:17:15]} {[%emt 00:07:15]} O-O {[%clk
01:21:02]} {[%emt 00:03:01]} 13. Re1 {[%clk 01:13:08]} {[%emt 00:04:36]} Bd7
{[%clk 01:18:55]} {[%emt 00:02:35]} 14. Nd5 {[%clk 01:09:47]} {[%emt 00:03:53]}
Bc6 {[%clk 01:17:24]} {[%emt 00:02:00]} 15. Bc1 {[%clk 01:06:40]} {[%emt
00:03:39]} Bxd5 {[%clk 01:08:38]} {[%emt 00:09:16]} 16. exd5 {[%clk 01:06:16]}
{[%emt 00:00:54]} c6 {[%clk 01:08:13]} {[%emt 00:00:54]} 17. dxc6 {[%clk
01:04:24]} {[%emt 00:02:20]} bxc6 {[%clk 01:08:30]} {[%emt 00:00:16]} 18. b4
{[%clk 01:02:19]} {[%emt 00:02:35]} Qb6 {[%clk 01:05:03]} {[%emt 00:03:40]} 19.
c3 {[%clk 01:01:48]} {[%emt 00:01:17]} Nd5 {[%clk 01:03:29]} {[%emt 00:02:02]}
20. Bd2 {[%clk 00:52:55]} {[%emt 00:09:26]} Bh4 {[%clk 01:00:21]} {[%emt
00:03:24]} 21. Be3 {[%clk 00:48:02]} {[%emt 00:05:28]} Nxe3 {[%clk 00:58:45]}
{[%emt 00:02:13]} 22. Rxe3 {[%clk 00:45:03]} {[%emt 00:03:31]} Bxf2+ {[%clk
00:55:48]} {[%emt 00:03:27]} 23. Kxf2 {[%clk 00:45:03]} {[%emt 00:00:29]} e4
{[%clk 00:56:04]} {[%emt 00:00:14]} 24. Qxd6 {[%clk 00:41:52]} {[%emt
00:03:42]} exf3 {[%clk 00:56:02]} {[%emt 00:00:32]} 25. gxf3 {[%clk 00:39:51]}
{[%emt 00:02:30]} Rad8 {[%clk 00:55:16]} {[%emt 00:01:13]} 26. Qc5 {[%clk
00:38:48]} {[%emt 00:01:34]} Qc7 {[%clk 00:54:59]} {[%emt 00:00:44]} 27. Rh1
{[%clk 00:36:44]} {[%emt 00:02:39]} Qf4 {[%clk 00:54:26]} {[%emt 00:00:59]} 28.
Qxc6 {[%clk 00:33:11]} {[%emt 00:04:06]} Rd2+ {[%clk 00:52:47]} {[%emt
00:02:10]} 29. Re2 {[%clk 00:33:15]} {[%emt 00:00:26]} Rd3 {[%clk 00:52:24]}
{[%emt 00:00:50]} 30. Qe6+ {[%clk 00:29:53]} {[%emt 00:03:53]} Kh8 {[%clk
00:51:40]} {[%emt 00:01:15]} 31. Re3 {[%clk 00:27:57]} {[%emt 00:02:26]} Rd2+
{[%clk 00:51:59]} {[%emt 00:00:11]} 32. Ke1 {[%clk 00:27:38]} {[%emt 00:00:49]}
Rfd8 {[%clk 00:51:44]} {[%emt 00:00:46]} 33. Re2 {[%clk 00:23:07]} {[%emt
00:05:01]} Qg3+ {[%clk 00:51:56]} {[%emt 00:00:16]} 34. Kf1 {[%clk 00:23:06]}
{[%emt 00:00:33]} Qxf3+ {[%clk 00:52:08]} {[%emt 00:00:14]} 35. Kg1 {[%clk
00:23:16]} {[%emt 00:00:23]} Rxe2 {[%clk 00:52:22]} {[%emt 00:00:16]} 0-1

[Event "DEM U12 2022"]
[Site "Willingen GER"]
[Date "2022.06.06"]
[Round "3"]
[White "Mukazhanov, Mansur"]
[Black "Pham, Jacky"]
[Result "1-0"]
[Termination "normal"]
[Board "28"]
[WhiteElo "1267"]
[BlackElo "1189"]
[PlyCount "57"]
[WhiteFideId "13752324"]
[BlackFideId "34611606"]
[EventCountry "GER"]
[EventRounds "9"]
[EventType "swiss"]
[EventDate "2022.06.04"]

1. e4 e6 2. d4 d5 3. exd5 exd5 4. Bd3 Bd6 5. Nf3 Nf6 6. O-O O-O 7. Ne5 Re8 8.
f4 c6 9. Nd2 h6 10. b3 Qc7 11. Bb2 Nbd7 12. c4 dxc4 13. Bxc4 Nd5 14. Ne4 Bxe5
15. dxe5 Ne3 16. Qd6 Qb6 17. Bd4 Nf5 18. Bxb6 Nxd6 19. Nxd6 Rf8 20. Bd4 b5 21.
Bd3 Rd8 22. Be4 Nb8 23. Rad1 Ba6 24. Rfe1 f6 25. Bb2 Nd7 26. Bxc6 Rab8 27. e6
Nc5 28. e7 Rxd6 29. Rxd6 1-0

[Event "DEM U12 2022"]
[Site "Willingen GER"]
[Date "2022.06.06"]
[Round "3"]
[White "Xu, Wanghan"]
[Black "Rempe, Lennik"]
[Result "1-0"]
[Termination "normal"]
[Board "29"]
[WhiteElo "1419"]
[BlackElo "1073"]
[PlyCount "67"]
[WhiteFideId "34608745"]
[BlackFideId "16248031"]
[EventCountry "GER"]
[EventRounds "9"]
[EventType "swiss"]
[EventDate "2022.06.04"]

1. d4 d5 2. c4 e6 3. Nc3 Nf6 4. Bg5 Be7 5. e3 O-O 6. Nf3 Nbd7 7. Be2 b6 8. O-O
Bb7 9. h3 c5 10. Re1 cxd4 11. exd4 dxc4 12. Bxc4 Nh5 13. Bxe7 Qxe7 14. d5 Nf4
15. Qd2 Qf6 16. Ne4 Qf5 17. Nd6 Nxh3+ 18. Kh2 Qf4+ 19. Qxf4 Nxf4 20. Nxb7 exd5
21. Bb3 Nf6 22. Nd6 a6 23. Nf5 Ne4 24. Bxd5 Nxf2 25. Bxa8 Rxa8 26. N3d4 h6 27.
Rf1 N2d3 28. b3 g5 29. Rad1 g4 30. Nh4 Kh7 31. g3 Rd8 32. Nc2 Ng6 33. Nxg6 fxg6
34. Nb4 1-0